Harry Potter Character by Fictional Schedule Quiz Stats

 Plays Quiz Updated Sep 19, 2019

Score 0/20 Timer 06:00
5 Plays Today
% Correct
Rubeus Hagrid
93.5%
Hermione Granger
93.3%
Moaning Myrtle
92.9%
The Basilisk
92.8%
Gilderoy Lockhart
92.4%
Buckbeak
92%
Fawkes
91.9%
Nearly Headless Nick
91.6%
Oliver Wood
91.2%
Dobby
90.6%
% Correct
Dolores Umbridge
89.8%
Barty Crouch, Jr.
89%
Errol
88.2%
Remus Lupin
87%
Ford Anglia
83.9%
Horace Slughorn
81.6%
Stan Shunpike
81.2%
Harry Potter
78.5%
Frank Bryce
75.4%
Wilkie Twycross
66.8%

You're not logged in!

Compare scores with friends on all Sporcle quizzes.
OR
Log In

Sporcle TV

Today on Sporcle TV


Watch our educational content, quiz creation guides, and fun videos on Sporcle TV.

Show Comments

Extras

Top Quizzes Today


Score Distribution

Your Account Isn't Verified!

In order to create a playlist on Sporcle, you need to verify the email address you used during registration. Go to your Sporcle Settings to finish the process.

Report this User

Report this user for behavior that violates our Community Guidelines.

Details: